Alpine Ski Race Disciplines - Statistics

General Stats
  • This quiz has been taken 613 times
  • The average score is 4 of 6
Answer Stats
Answer % Correct
Slalom
100%
Downhill
84%
Super G
76%
Giant Slalom
69%
Super Combined
39%
Parallel
32%
No matching quizzes found
Score Distribution
Percent of People with Each Score
Percentile by Number Answered
Your Score History
You have not taken this quiz